LEADER 01152nam a2200253 i 4500 001 000000043369 003 CaOOAMICUS 005 20090813000000.0 008 090813s1966 fr u000 u fre u 013 $a14539 020 $a2-02-000559-X 040 $aSeMil$bita 100 1 $aTresmontant, Claude,$d<1928-1997>.$0(OLS)http://semarc/name/15378 245 10$aComment se pose aujourd'hui le problème de l'existence de Dieu /$cClaude Tresmontant. 260 $aParis :$bÉditions du Seuil,$c1966$e(Saint-Amand :$fBussière,$g1966) 300 $a409 p. ;$c21 cm. 650 4$aDio - Esistenza - Prova ontologica.$0(OLS)http://semarc/subject/1083 650 4$aReligione e scienze.$0(OLS)http://semarc/subject/1385 650 4$aFilosofia e religione.$0(OLS)http://semarc/subject/9252 850 $aSeMil 852 $aSeMil$W1$xVenegono$y1$m2B II 205$j9524$B9524$CSeMilBibl$Z2$F9524 $81 996 $6020$a2-02-000559-X$9(OLS)http://semarc/number/14928 996 $6245$aComment se pose aujourd'hui le problème de l'existence de Dieu$9(OLS)http://semarc/title/63686 996 $6260$aParis :$bÉditions du Seuil$9(OLS)http://semarc/publisher/29806 LEADER 01324nam a2200301 i 4500 001 000000107775 003 CaOOAMICUS 005 20180202000000.0 008 180202s1963 it u000 u ita u 013 $a80248 040 $aSeMil$bita 100 1 $aGolding, John.$0(OLS)http://semarc/name/92842 240 10$aCubism : a history and an Analysis 1907-1914.$0(OLS)http://semarc/title/407208 245 10$aStoria del cubismo :$b1907-1914 /$cJohn Golding ; traduzione di Marco Chiarini. 246 04$iTitolo in copertina:$aPicasso, Braque, Gris, Delaunay, Léger 260 $aTorino :$bGiulio Einaudi,$ccopyr. 1963. 300 $a250 p., [108] p. di tav. ;$c20 cm. 490 0 $aGli Oscar studio ;$v8 500 $aContiene : Bibliografia. 650 4$aCubismo.$0(OLS)http://semarc/subject/10899 700 1 $aChiarini, Marco.$0(OLS)http://semarc/name/37800 830 4$aGli Oscar studio ;$v8.$0(OLS)http://semarc/title/8472 850 $aSeMil 852 $aSeMil$W1$xVenegono$y1$m5G I 73$j63871$B63871$CSeMilBibl$Z2$F220934 $81 961 $aOmaggio: Altro 996 $6245$aStoria del cubismo :$b1907-1914$9(OLS)http://semarc/title/407207 996 $6246$aPicasso, Braque, Gris, Delaunay, Léger$9(OLS)http://semarc/title/407209 996 $6260$aTorino :$bGiulio Einaudi$9(OLS)http://semarc/publisher/29810